Ľudmila Priecelová: Spoveď duše

Bibliographic Details
Main Author: Matejov, Radoslav, 1974- (Author)
Format: Article
Language:Slovak
ISSN:1210-1982
Subjects:

MARC

LEADER 00000nab a2200000 ar4500
001 vtls008887603
003 SK-MaSNL
005 20260303174425.0
008 061204c2006 xo mr|p|||||||000 b|slo
015 |a SNBRB2006/12  |2 snkbucl 
038 |a SNKBUCL 
040 |a SNKBUCL  |b slo  |c SNKBUCL  |e AACR2 
041 0 |a slo 
044 |a xo  |c SK 
080 |a 82.09:821.162.4-97  |x (048)  |2 1997 
080 |a 821.162.4-97  |x (048)  |2 1997 
080 |a 821.162.4-1  |x (048)  |2 1997 
100 1 |a Matejov, Radoslav,  |d 1974-  |4 aut  |9 229344 
245 1 0 |a Ľudmila Priecelová: Spoveď duše  |c Radoslav Matejov 
650 0 7 |a meditatívne básne, slovenské  |x recenzie  |2 snkbucl  |9 70082 
655 7 |a recenzie  |2 snkbucl  |9 21907 
773 0 |t Knižná revue  |g Roč. XVI., č. 22 (2006), s. 5  |x 1210-1982 
787 0 8 |i Rec.:  |a Priecelová, Ľudmila  |t Spoveď duše  |d Trnava : Hnutie kresťanských pedagógov Slovenska, 2006  |z 8089214223 
852 |a SNK  |b KIS3GCP 
958 |a LX 
958 |a SK 
958 |a RC 
999 |c 2096554  |d 2098484